Boletín CECARI/

Saved in:
Bibliographic Details
Corporate Author: Centro de Estudios Centroamericanos de Relaciones Internacionales
Format: Book
Language:Spanish
Published: México D.F.: CECARI, 1988-
Subjects:
Tags: Add Tag
No Tags, Be the first to tag this record!

MARC

LEADER 00000nam a22000007a 4500
003 cru CIDCACS/IIS
005 20200806084421.0
008 200805s1988 mx |||p|r||||||0| ||spa|d
999 |c 43285  |d 43285 
040 |c cru CIDCACS/IIS 
090 |a REV0075 
110 2 |9 9489  |a Centro de Estudios Centroamericanos de Relaciones Internacionales 
245 1 |a Boletín CECARI/  |c Centro de Estudios Centroamericanos de Relaciones Internacionales 
260 |a México D.F.:  |b CECARI,  |c 1988- 
270 |d México, D.F.  |e Apdo. 27-384, colonia Roma Sur 06760 
500 |a EXISTENCIAS: 1988 (1-5) 1989 (6-13) 1990 (15-18) PERIODICIDAD: Mensual 
650 0 |9 2520  |a CRISIS 
650 0 |9 2345  |a SEGURIDAD 
651 0 |9 308  |a CENTROAMERICA 
942 |2 ddc  |c PP